[Event "Gibraltar ChallWk2 11th"]
[Site "Gibraltar"]
[Date "2013.01.27"]
[Round "2.6"]
[White "Varga, Klara"]
[Black "Poulsen, Klaus E"]
[Result "1-0"]
[WhiteElo "2207"]
[BlackElo "2113"]
[PlyCount "67"]
[EventDate "2013.01.26"]
[EventType "swiss"]
[EventRounds "5"]
[EventCountry "GGB"]
[SourceTitle "BritBase"]
[Source "www.saund.co.uk"]
[SourceDate "2018.02.10"]
[SourceVersion "1"]
[SourceVersionDate "2018.02.10"]
[SourceQuality "1"]

1. c4 Nf6 2. Nf3 d5 3. g3 c6 4. Bg2 Nbd7 5. cxd5 cxd5 6. d4 e6 7. O-O Bd6 8.
Nc3 a6 9. Qd3 O-O 10. Bg5 h6 11. Bf4 Bxf4 12. gxf4 Nh5 13. e3 f5 14. Kh1 Nhf6
15. Ne5 Qe8 16. Bf3 Ne4 17. Bxe4 Nxe5 18. dxe5 dxe4 19. Qe2 Bd7 20. Rfd1 Bc6
21. Rd6 Rd8 22. Rad1 Rxd6 23. Rxd6 Qe7 24. b4 Rd8 25. Qd2 Rxd6 26. exd6 Qd7 27.
a4 Kf8 28. Qd4 Ke8 29. Kg2 b5 30. axb5 axb5 31. Qc5 Kf8 32. Ne2 Bd5 33. Nd4 Bc4
34. Nc6 1-0

[Event "Gibraltar ChallWk2 11th"]
[Site "Gibraltar"]
[Date "2013.01.27"]
[Round "2.7"]
[White "Cawley, Paul F"]
[Black "O'Toole, George E"]
[Result "0-1"]
[WhiteElo "2113"]
[BlackElo "2204"]
[PlyCount "48"]
[EventDate "2013.01.26"]
[EventType "swiss"]
[EventRounds "5"]
[EventCountry "GGB"]
[SourceTitle "BritBase"]
[Source "www.saund.co.uk"]
[SourceDate "2018.02.10"]
[SourceVersion "1"]
[SourceVersionDate "2018.02.10"]
[SourceQuality "1"]

1. e4 e5 2. Nf3 Nc6 3. d4 exd4 4. Bc4 Nf6 5. e5 d5 6. Bb5 Ne4 7. Nxd4 Bc5 8.
Be3 Bd7 9. Bxc6 bxc6 10. O-O Qe7 11. Re1 Rb8 12. f3 Ng5 13. f4 Ne6 14. f5 Bxd4
15. Bxd4 Nxd4 16. Qxd4 Bxf5 17. Qxa7 O-O 18. Qf2 Qg5 19. c3 Rfe8 20. Na3 Be4
21. Re3 Rxb2 22. Qxb2 Qxe3+ 23. Kh1 h5 24. Rg1 h4 0-1

[Event "Gibraltar ChallWk2 11th"]
[Site "Gibraltar"]
[Date "2013.01.27"]
[Round "2.9"]
[White "Hamer, Martyn"]
[Black "Sanchez Botella, Luis Javier"]
[Result "0-1"]
[WhiteElo "2025"]
[BlackElo "2196"]
[PlyCount "52"]
[EventDate "2013.01.26"]
[EventType "swiss"]
[EventRounds "5"]
[EventCountry "GGB"]
[SourceTitle "BritBase"]
[Source "www.saund.co.uk"]
[SourceDate "2018.02.10"]
[SourceVersion "1"]
[SourceVersionDate "2018.02.10"]
[SourceQuality "1"]

1. Nf3 c5 2. c4 e6 3. g3 b6 4. Bg2 Bb7 5. O-O Nf6 6. Nc3 Be7 7. d4 cxd4 8. Nxd4
Bxg2 9. Kxg2 O-O 10. b3 Qc8 11. Bb2 d6 12. Qd2 Qb7+ 13. Kg1 a6 14. Rfd1 Nbd7
15. Rac1 Rfd8 16. Ba3 Rac8 17. f3 Nc5 18. e4 d5 19. b4 dxe4 20. bxc5 Bxc5 21.
Bxc5 bxc5 22. Nxe4 Nxe4 23. fxe4 Rxd4 24. Qa5 Qxe4 25. Rxd4 Qxd4+ 26. Kf1 Qd6
0-1

[Event "Gibraltar ChallWk2 11th"]
[Site "Gibraltar"]
[Date "2013.01.27"]
[Round "2.10"]
[White "Elishev, Ivan"]
[Black "Bryn, Askild"]
[Result "1-0"]
[WhiteElo "2185"]
[BlackElo "2019"]
[PlyCount "49"]
[EventDate "2013.01.26"]
[EventType "swiss"]
[EventRounds "5"]
[EventCountry "GGB"]
[SourceTitle "BritBase"]
[Source "www.saund.co.uk"]
[SourceDate "2018.02.10"]
[SourceVersion "1"]
[SourceVersionDate "2018.02.10"]
[SourceQuality "1"]

1. e4 d6 2. d4 Nf6 3. Nc3 e5 4. Nf3 Nbd7 5. g4 Nxg4 6. Rg1 Ngf6 7. Be3 c6 8.
Qd2 Qa5 9. a3 a6 10. Bc4 h6 11. O-O-O b5 12. Bb3 c5 13. dxe5 dxe5 14. Bd5 Ra7
15. Bc6 Rc7 16. Nxe5 Rxc6 17. Nxc6 Qc7 18. e5 Qxc6 19. exf6 gxf6 20. Bf4 b4 21.
Rge1+ Kd8 22. Nd5 Bd6 23. Nxf6 Bxf4 24. Qxf4 bxa3 25. bxa3 1-0

[Event "Gibraltar ChallWk2 11th"]
[Site "Gibraltar"]
[Date "2013.01.27"]
[Round "2.11"]
[White "Hutton, Jack"]
[Black "Jaunooby, Ali R"]
[Result "1/2-1/2"]
[WhiteElo "2017"]
[BlackElo "2178"]
[PlyCount "108"]
[EventDate "2013.01.26"]
[EventType "swiss"]
[EventRounds "5"]
[EventCountry "GGB"]
[SourceTitle "BritBase"]
[Source "www.saund.co.uk"]
[SourceDate "2018.02.10"]
[SourceVersion "1"]
[SourceVersionDate "2018.02.10"]
[SourceQuality "1"]

1. e4 g6 2. Nc3 Bg7 3. f4 c5 4. Nf3 Nc6 5. Bb5 Nd4 6. Bd3 d6 7. Nxd4 cxd4 8.
Ne2 f5 9. O-O Qb6 10. Kh1 fxe4 11. Bxe4 Nf6 12. d3 Nxe4 13. dxe4 O-O 14. Ng3 h5
15. f5 d5 16. Bg5 dxe4 17. Bxe7 Rf7 18. f6 Bg4 19. Qd2 Rxe7 20. Qg5 Re6 21.
fxg7 Qc7 22. Rf4 Qe7 23. Qd5 Rd8 24. Rf8+ Rxf8 25. gxf8=Q+ Kxf8 26. Rf1+ Rf6
27. Qxd4 Rxf1+ 28. Nxf1 b6 29. Ne3 Qh4 30. Qd6+ Kf7 31. Qc7+ Kg8 32. Qb8+ Kf7
33. Qc7+ Qe7 34. Qf4+ Kg7 35. h3 Bc8 36. Nd5 Qe6 37. Ne3 Bb7 38. Qc7+ Qf7 39.
Qe5+ Kh7 40. c3 Qf2 41. Qd4 Qxb2 42. Qd7+ Kh6 43. Qxb7 Qc1+ 44. Kh2 Qxe3 45.
Qf7 h4 46. Qf8+ Kg5 47. Qe7+ Kf5 48. Qf7+ Ke5 49. Qxg6 Qf4+ 50. Kh1 e3 51. Qe8+
Kf5 52. Qf7+ Ke4 53. Qc4+ Kf5 54. Qf7+ Kg5 1/2-1/2

[Event "Gibraltar ChallWk2 11th"]
[Site "Gibraltar"]
[Date "2013.01.27"]
[Round "2.12"]
[White "Reppen, Ellisiv"]
[Black "Osuna Vega, Enrique"]
[Result "0-1"]
[WhiteElo "2005"]
[BlackElo "2157"]
[PlyCount "117"]
[EventDate "2013.01.26"]
[EventType "swiss"]
[EventRounds "5"]
[EventCountry "GGB"]
[SourceTitle "BritBase"]
[Source "www.saund.co.uk"]
[SourceDate "2018.02.10"]
[SourceVersion "1"]
[SourceVersionDate "2018.02.10"]
[SourceQuality "1"]

1. e4 d6 2. d4 Nf6 3. Nc3 e5 4. dxe5 dxe5 5. Qxd8+ Kxd8 6. Bg5 Be6 7. O-O-O+
Kc8 8. f3 Be7 9. Be3 c6 10. a3 Nbd7 11. g3 b5 12. Bh3 Bc5 13. Bxc5 Nxc5 14.
Bxe6+ Nxe6 15. Nge2 a5 16. Kb1 Kc7 17. b3 Rad8 18. Kc1 Nc5 19. Rxd8 Rxd8 20.
Rd1 Ra8 21. Kb2 h5 22. Nc1 a4 23. Nd3 Nfd7 24. Nxc5 Nxc5 25. Ne2 h4 26. gxh4
axb3 27. cxb3 Rh8 28. Rd2 Rxh4 29. Ng1 Ne6 30. Rg2 g6 31. h3 Nf4 32. Rg4 Rh8
33. h4 Rd8 34. Kc2 Kd6 35. Rg3 Rh8 36. Nh3 Rxh4 37. Nxf4 exf4 38. Rg2 Rh3 39.
Rd2+ Kc7 40. Rd3 Rh2+ 41. Kc3 Ra2 42. Kd4 Rxa3 43. Ke5 c5 44. Rd5 Rxb3 45.
Rxc5+ Kb6 46. Rd5 Rxf3 47. Rd6+ Kc5 48. Rf6 Rf1 49. Rxf7 f3 50. Rc7+ Kb4 51.
Kf4 f2 52. Kf3 Re1 53. Kxf2 Rxe4 54. Kf3 Re6 55. Rc1 g5 56. Rb1+ Kc5 57. Rc1+
Kb6 58. Rb1 Re5 59. Kg3 0-1

[Event "Gibraltar ChallWk2 11th"]
[Site "Gibraltar"]
[Date "2013.01.27"]
[Round "2.13"]
[White "Sevillano Garcia, Joaquin"]
[Black "Berg, Soren"]
[Result "1-0"]
[WhiteElo "1983"]
[BlackElo "2152"]
[PlyCount "79"]
[EventDate "2013.01.26"]
[EventType "swiss"]
[EventRounds "5"]
[EventCountry "GGB"]
[SourceTitle "BritBase"]
[Source "www.saund.co.uk"]
[SourceDate "2018.02.10"]
[SourceVersion "1"]
[SourceVersionDate "2018.02.10"]
[SourceQuality "1"]

1. d4 e6 2. Nf3 Nf6 3. Bg5 h6 4. Bh4 c5 5. e3 b6 6. Nbd2 Bb7 7. Bd3 Be7 8. Qe2
cxd4 9. exd4 Nd5 10. Bg3 Nb4 11. Be4 d5 12. Bd3 Nxd3+ 13. Qxd3 Ba6 14. Qe3 Nc6
15. c3 Rc8 16. Ne5 Nxe5 17. Bxe5 f6 18. Bg3 Qd7 19. O-O-O Kf7 20. Kb1 Rhe8 21.
Rhe1 Bf8 22. f4 Bc4 23. h4 a5 24. Nxc4 Rxc4 25. Re2 b5 26. h5 b4 27. Be1 bxc3
28. Bxc3 Bb4 29. Bxb4 Rxb4 30. Qd3 Reb8 31. Rc1 f5 32. Qe3 Qd6 33. Rec2 R8b7
34. Qg3 g5 35. hxg6+ Kg7 36. Qe3 Qb6 37. b3 Qxd4 38. Rc7+ Rxc7 39. Rxc7+ Kxg6
40. Qxe6+ 1-0

[Event "Gibraltar ChallWk2 11th"]
[Site "Gibraltar"]
[Date "2013.01.27"]
[Round "2.14"]
[White "Scharrer, Patrick"]
[Black "Becham, Khalid"]
[Result "1/2-1/2"]
[WhiteElo "2248"]
[BlackElo "1929"]
[PlyCount "85"]
[EventDate "2013.01.26"]
[EventType "swiss"]
[EventRounds "5"]
[EventCountry "GGB"]
[SourceTitle "BritBase"]
[Source "www.saund.co.uk"]
[SourceDate "2018.02.10"]
[SourceVersion "1"]
[SourceVersionDate "2018.02.10"]
[SourceQuality "1"]

1. e4 c5 2. Nf3 d6 3. d4 cxd4 4. Qxd4 a6 5. c4 Nc6 6. Qd2 Nf6 7. Nc3 g6 8. b3
Bg7 9. Bb2 O-O 10. Be2 Qa5 11. Rb1 Rd8 12. O-O Bg4 13. Rfe1 e5 14. Qe3 Qc5 15.
Nd5 Qxe3 16. Nxf6+ Bxf6 17. fxe3 Be6 18. Red1 Rd7 19. Rd2 Rad8 20. Rbd1 a5 21.
h3 h5 22. h4 Kf8 23. Ng5 Bxg5 24. hxg5 Ke7 25. a3 b6 26. Bc3 Rh8 27. Kh2 Rc8
28. a4 Nd8 29. Rf1 Nb7 30. Bd1 Nc5 31. Bc2 Bg4 32. Kg3 Be6 33. Rf6 h4+ 34. Kxh4
Rh8+ 35. Kg3 Rh5 36. Rf1 Rxg5+ 37. Kf2 f5 38. exf5 Bxf5 39. Rh1 Bxc2 40. Rxc2
Nxb3 41. Kf3 Nc5 42. g4 Ke6 43. Kg3 1/2-1/2

[Event "Gibraltar ChallWk2 11th"]
[Site "Gibraltar"]
[Date "2013.01.27"]
[Round "2.15"]
[White "Brokko, Margit"]
[Black "Olhovik, Andrei"]
[Result "0-1"]
[WhiteElo "2073"]
[BlackElo "2246"]
[PlyCount "210"]
[EventDate "2013.01.26"]
[EventType "swiss"]
[EventRounds "5"]
[EventCountry "GGB"]
[SourceTitle "BritBase"]
[Source "www.saund.co.uk"]
[SourceDate "2018.02.10"]
[SourceVersion "1"]
[SourceVersionDate "2018.02.10"]
[SourceQuality "1"]

1. e4 c5 2. Nc3 Nc6 3. g3 g6 4. Bg2 Bg7 5. d3 d6 6. Be3 Rb8 7. Qd2 b5 8. Nge2
Bg4 9. O-O Bxe2 10. Qxe2 e6 11. Qd2 Nge7 12. Bh6 O-O 13. Bxg7 Kxg7 14. Nd1 Qa5
15. c3 b4 16. Ne3 Qc7 17. d4 bxc3 18. bxc3 cxd4 19. cxd4 Qa5 20. Qxa5 Nxa5 21.
Rfc1 Rfc8 22. Rxc8 Rxc8 23. Rb1 Rc3 24. d5 exd5 25. exd5 Nc8 26. Rb8 Nb6 27.
Rd8 Kf6 28. Bf1 Ke7 29. Rh8 h5 30. Bb5 Rc5 31. a4 a6 32. Bxa6 Nxa4 33. Be2 Nb6
34. Bf3 Nc8 35. g4 hxg4 36. Bxg4 Nb6 37. Bf3 Nac4 38. Nxc4 Nxc4 39. h4 Ne5 40.
Bg2 Nd3 41. h5 Rc1+ 42. Bf1 gxh5 43. Rxh5 Rd1 44. Rf5 Nb4 45. Kg2 Rxd5 46. Rf4
Nc6 47. Ra4 Rd4 48. Ra6 Ne5 49. f3 Rb4 50. Kf2 f5 51. Be2 f4 52. Ke1 Ke6 53.
Ra8 d5 54. Rf8 Ke7 55. Rf5 Ke6 56. Rf8 Nd7 57. Re8+ Kd6 58. Kd2 Nc5 59. Bd1 Ne6
60. Bc2 Ke5 61. Rh8 Rd4+ 62. Kc3 Rc4+ 63. Kd2 Nd4 64. Bd1 Nf5 65. Bc2 Ne3 66.
Bb3 Rc7 67. Re8+ Kd4 68. Rf8 Ng2 69. Rd8 Rc5 70. Rg8 Nh4 71. Ke2 Nf5 72. Rf8
Ke5 73. Re8+ Kd6 74. Rd8+ Ke6 75. Kd3 Ra5 76. Re8+ Ne7 77. Rf8 Ke5 78. Re8 Ra7
79. Rh8 Rb7 80. Rh5+ Ke6 81. Rh6+ Ke5 82. Rh5+ Kd6 83. Kc3 Rc7+ 84. Kd3 Rb7 85.
Kc3 Ra7 86. Rh4 Ke5 87. Rh5+ Ke6 88. Rh4 Kf5 89. Rh5+ Kg6 90. Re5 Rc7+ 91. Kd3
Kf6 92. Rh5 Rd7 93. Rh4 Ng6 94. Rh5 Ne5+ 95. Ke2 d4 96. Rh6+ Kg5 97. Re6 Kf5
98. Re8 d3+ 99. Kf2 Rb7 100. Rf8+ Kg5 101. Rg8+ Kh6 102. Bd1 Rb2+ 103. Ke1 Nc4
104. Rg4 Ne3 105. Rxf4 Ng2+ 0-1

[Event "Gibraltar ChallWk2 11th"]
[Site "Gibraltar"]
[Date "2013.01.27"]
[Round "2.16"]
[White "Storey, Charles H"]
[Black "Onabogun, Kolade"]
[Result "1-0"]
[WhiteElo "2245"]
[BlackElo "1978"]
[PlyCount "115"]
[EventDate "2013.01.26"]
[EventType "swiss"]
[EventRounds "5"]
[EventCountry "GGB"]
[SourceTitle "BritBase"]
[Source "www.saund.co.uk"]
[SourceDate "2018.02.10"]
[SourceVersion "1"]
[SourceVersionDate "2018.02.10"]
[SourceQuality "1"]

1. c4 e5 2. g3 Nc6 3. Bg2 Bc5 4. Nc3 a6 5. d3 d6 6. Nf3 Nge7 7. a3 O-O 8. b4
Ba7 9. O-O f5 10. Bb2 f4 11. Nd5 fxg3 12. hxg3 Nf5 13. e3 Nb8 14. d4 c6 15.
dxe5 Be6 16. Nf4 Bxc4 17. exd6 Nxd6 18. Re1 Qe7 19. Qc2 Nd7 20. Rad1 Bf7 21.
Rxd6 Qxd6 22. Rd1 Qe7 23. Rxd7 Qxd7 24. Ng5 g6 25. Ne4 Bd5 26. Qc3 Bxe4 27.
Bxe4 Kf7 28. Bc2 Ke8 29. Bb3 Bb8 30. Ne6 Bd6 31. Qc4 Qf7 32. Ng7+ Kd8 33. Qh4+
Qe7 34. Qxh7 Qe4 35. Ne6+ Kc8 36. Nxf8 Bxf8 37. Qf7 Bxb4 38. Qe6+ Qxe6 39.
Bxe6+ Kc7 40. axb4 a5 41. bxa5 Rxa5 42. f4 Kd6 43. Bf7 g5 44. Bc3 Rb5 45. Kf2
gxf4 46. exf4 Ke7 47. Bc4 Rb1 48. f5 b5 49. f6+ Kf8 50. Be6 c5 51. Be5 Rd1 52.
Bf4 Rd8 53. g4 c4 54. g5 Rd4 55. Ke3 Rd1 56. Ke4 c3 57. g6 Re1+ 58. Be3 1-0

[Event "Gibraltar ChallWk2 11th"]
[Site "Gibraltar"]
[Date "2013.01.27"]
[Round "2.17"]
[White "Kandic, Milan"]
[Black "Dolzhikova, Olga"]
[Result "0-1"]
[WhiteElo "2090"]
[BlackElo "2239"]
[PlyCount "72"]
[EventDate "2013.01.26"]
[EventType "swiss"]
[EventRounds "5"]
[EventCountry "GGB"]
[SourceTitle "BritBase"]
[Source "www.saund.co.uk"]
[SourceDate "2018.02.10"]
[SourceVersion "1"]
[SourceVersionDate "2018.02.10"]
[SourceQuality "1"]

1. Nf3 Nf6 2. g3 c5 3. d3 d5 4. Nbd2 Bf5 5. c4 e6 6. Bg2 Nc6 7. O-O h6 8. b3
Be7 9. Bb2 O-O 10. Rc1 d4 11. Nh4 Bh7 12. h3 Qd7 13. Re1 Rae8 14. Qc2 Nh5 15.
Bf3 Nf4 16. gxf4 Bxh4 17. Bxc6 Qxc6 18. e4 Bd8 19. Nf1 Bc7 20. Qd2 Qd6 21. e5
Qc6 22. b4 b6 23. b5 Qf3 24. Rcd1 Qxh3 25. Ng3 f6 26. Qe2 fxe5 27. fxe5 Rf4 28.
Qf1 Qg4 29. Qg2 Ref8 30. Rd2 Rf3 31. Ne4 Qf5 32. Nf6+ Kh8 33. Nxh7 Kxh7 34. Re4
Bxe5 35. Rde2 Bf6 36. Rd2 Bg5 0-1

[Event "Gibraltar ChallWk2 11th"]
[Site "Gibraltar"]
[Date "2013.01.27"]
[Round "2.18"]
[White "Romero Valencia, Fernando"]
[Black "Barrenechea Bahamonde, Gustavo"]
[Result "0-1"]
[WhiteElo "1961"]
[BlackElo "2211"]
[PlyCount "50"]
[EventDate "2013.01.26"]
[EventType "swiss"]
[EventRounds "5"]
[EventCountry "GGB"]
[SourceTitle "BritBase"]
[Source "www.saund.co.uk"]
[SourceDate "2018.02.10"]
[SourceVersion "1"]
[SourceVersionDate "2018.02.10"]
[SourceQuality "1"]

1. d4 c5 2. e3 Nf6 3. Bd3 d5 4. c3 Qc7 5. f4 g6 6. Nf3 Bg7 7. Ne5 O-O 8. O-O b6
9. Qe2 Bf5 10. Bxf5 gxf5 11. Nd2 e6 12. Rf3 Nbd7 13. Rh3 Nxe5 14. fxe5 Ne4 15.
Qh5 h6 16. Nf3 Qd7 17. g4 f6 18. Qg6 fxg4 19. Qxg4 Kh7 20. Qh4 fxe5 21. Nxe5
Qd8 22. Nd3 Ng5 23. Kg2 Nxh3 24. Qxh3 Qf6 25. Bd2 Qg6+ 0-1

[Event "Gibraltar ChallWk2 11th"]
[Site "Gibraltar"]
[Date "2013.01.27"]
[Round "2.19"]
[White "Allor, Chukwuka"]
[Black "Kozarcanin, Sead"]
[Result "0-1"]
[WhiteElo "2154"]
[BlackElo "2090"]
[PlyCount "85"]
[EventDate "2013.01.26"]
[EventType "swiss"]
[EventRounds "5"]
[EventCountry "GGB"]
[SourceTitle "BritBase"]
[Source "www.saund.co.uk"]
[SourceDate "2018.02.10"]
[SourceVersion "1"]
[SourceVersionDate "2018.02.10"]
[SourceQuality "1"]

1. Nf3 d5 2. g3 Nf6 3. Bg2 Bg4 4. h3 Bh5 5. c4 e6 6. Qb3 Qc8 7. Nc3 c6 8. d4
Bd6 9. Bg5 Nbd7 10. cxd5 exd5 11. Nh4 Bg6 12. Nxg6 hxg6 13. Rc1 Qb8 14. Nb1 O-O
15. Nd2 Re8 16. Kf1 Nh7 17. h4 Ndf6 18. Bf3 Ne4 19. Nxe4 dxe4 20. Bg4 Nxg5 21.
hxg5 Qd8 22. e3 Qxg5 23. Be2 Rab8 24. Bc4 Re7 25. Kg2 Qf5 26. Qd1 Rd7 27. Qe2
Be7 28. g4 Qg5 29. Rh3 Bd6 30. Rch1 Kf8 31. f4 exf3+ 32. Qxf3 f5 33. Rf1 Ke7
34. e4 Rf8 35. Rh7 Kd8 36. Qe2 f4 37. Kf3 Bc7 38. d5 cxd5 39. Bxd5 Bb6 40. Rd1
Kc7 41. Qc2+ Kb8 42. Re1 Qe5 43. Rb1 {The remainder of the scoresheet is
illegible} 0-1

[Event "Gibraltar ChallWk2 11th"]
[Site "Gibraltar"]
[Date "2013.01.27"]
[Round "2.20"]
[White "Canonne, Antoine"]
[Black "Byrn, Carsten"]
[Result "1/2-1/2"]
[WhiteElo "2002"]
[BlackElo "2114"]
[PlyCount "48"]
[EventDate "2013.01.26"]
[EventType "swiss"]
[EventRounds "5"]
[EventCountry "GGB"]
[SourceTitle "BritBase"]
[Source "www.saund.co.uk"]
[SourceDate "2018.02.10"]
[SourceVersion "1"]
[SourceVersionDate "2018.02.10"]
[SourceQuality "1"]

1. e4 c5 2. Nc3 Nc6 3. f4 g6 4. Nf3 Bg7 5. Bb5 Nd4 6. O-O Nxb5 7. Nxb5 d5 8. d3
a6 9. Nc3 d4 10. Ne2 e6 11. Qe1 Ne7 12. Qh4 Bd7 13. Bd2 f5 14. Ng3 Nc6 15. Qh3
Qf6 16. Rfe1 O-O 17. Re2 Rfe8 18. Ne5 Nxe5 19. fxe5 Qf7 20. Rae1 Bxe5 21. exf5
Bxg3 22. fxg6 Qxg6 23. hxg3 Rf8 24. Re5 Rf5 1/2-1/2

[Event "Gibraltar ChallWk2 11th"]
[Site "Gibraltar"]
[Date "2013.01.27"]
[Round "2.21"]
[White "Lochte, Szilvia"]
[Black "Gieritz, Dietmar"]
[Result "1-0"]
[WhiteElo "1923"]
[BlackElo "2112"]
[PlyCount "88"]
[EventDate "2013.01.26"]
[EventType "swiss"]
[EventRounds "5"]
[EventCountry "GGB"]
[SourceTitle "BritBase"]
[Source "www.saund.co.uk"]
[SourceDate "2018.02.10"]
[SourceVersion "1"]
[SourceVersionDate "2018.02.10"]
[SourceQuality "1"]

1. d4 Nf6 2. Bf4 g6 3. e3 Bg7 4. Nf3 d5 5. h3 c5 6. c3 Nc6 7. Nbd2 a5 8. Bb5
Qb6 9. a4 O-O 10. Ne5 Na7 11. dxc5 Qxc5 12. Bd3 Nd7 13. Ndf3 Nb6 14. Be2 Bd7
15. Qb3 Nac8 16. Nxd7 Nxd7 17. O-O b6 18. Rad1 e6 19. Bg3 Nd6 20. Nd4 Ne4 21.
Bh2 Ne5 22. Nf3 Nc6 23. Bc7 Rfc8 24. Bh2 Ra7 25. Nd4 Ne5 26. Nf3 Nd7 27. Bb5
Bh6 28. Ne5 Ndf6 29. Nd3 Qe7 30. Bf4 Bg7 31. Ne5 Nc5 32. Qc2 Qb7 33. Nf3 Nfe4
34. Nd2 e5 35. Bh2 d4 36. Nxe4 Nxe4 37. exd4 exd4 38. Rfe1 Ng5 39. Qd2 Ne6 40.
cxd4 Bxd4 41. Rxe6 Bxf2+ 42. Qxf2 fxe6 43. Be5 Rf8 44. Qc2 Raa8 1-0

[Event "Gibraltar ChallWk2 11th"]
[Site "Gibraltar"]
[Date "2013.01.27"]
[Round "2.23"]
[White "Urbina Perez, Juan Antonio"]
[Black "Adebajo, Olufemi"]
[Result "1/2-1/2"]
[WhiteElo "2214"]
[BlackElo "1949"]
[PlyCount "75"]
[EventDate "2013.01.26"]
[EventType "swiss"]
[EventRounds "5"]
[EventCountry "GGB"]
[SourceTitle "BritBase"]
[Source "www.saund.co.uk"]
[SourceDate "2018.02.10"]
[SourceVersion "1"]
[SourceVersionDate "2018.02.10"]
[SourceQuality "1"]

1. e4 c5 2. Nf3 d6 3. d4 cxd4 4. Nxd4 Nf6 5. Nc3 g6 6. Be2 Bg7 7. O-O Nc6 8.
Nb3 O-O 9. Bg5 Be6 10. f4 a5 11. a4 Nb4 12. Nd4 Bd7 13. Kh1 Rc8 14. Bb5 Ng4 15.
Bxd7 Qxd7 16. f5 Bxd4 17. Qxd4 Nxc2 18. Qd1 Nxa1 19. Nd5 f6 20. Qxg4 fxg5 21.
Nb6 Qc6 22. Nxc8 Rxc8 23. Qxg5 Qxe4 24. Rxa1 Rc5 25. Qg3 Qxf5 26. h3 Qe5 27.
Qb3+ Qd5 28. Qb6 Qe4 29. Rf1 Rf5 30. Rc1 Rh5 31. Kg1 Rg5 32. Qb3+ d5 33. Rc2
Kg7 34. Qxb7 Qxc2 35. Qxe7+ Kh6 36. Qf8+ Kh5 37. Qf3+ Kh4 38. Qf4+ 1/2-1/2

[Event "Gibraltar ChallWk2 11th"]
[Site "Gibraltar"]
[Date "2013.01.27"]
[Round "2.24"]
[White "Campbell, Ian"]
[Black "Al-Tamimi, Hamad"]
[Result "1/2-1/2"]
[WhiteElo "1998"]
[BlackElo "2231"]
[PlyCount "84"]
[EventDate "2013.01.26"]
[EventType "swiss"]
[EventRounds "5"]
[EventCountry "GGB"]
[SourceTitle "BritBase"]
[Source "www.saund.co.uk"]
[SourceDate "2018.02.10"]
[SourceVersion "1"]
[SourceVersionDate "2018.02.10"]
[SourceQuality "1"]

1. Nf3 d5 2. d4 Nf6 3. e3 c6 4. Bd3 Bg4 5. Nbd2 Nbd7 6. h3 Bh5 7. Qe2 Qc7 8. e4
dxe4 9. Nxe4 Nxe4 10. Bxe4 Nf6 11. Bd3 e6 12. c3 Be7 13. g4 Bg6 14. Ne5 Bd6 15.
Bxg6 hxg6 16. Bd2 Bxe5 17. dxe5 Nd7 18. Bf4 Qa5 19. a3 Qa4 20. Bg3 O-O-O 21.
Kf1 Nc5 22. Kg2 Qe4+ 23. Qxe4 Nxe4 24. Rad1 Kc7 25. h4 a5 26. Rhe1 Nd2 27. Re2
Nc4 28. Rxd8 Rxd8 29. Bf4 a4 30. Bg5 Rd1 31. Be7 Rd5 32. f4 Rd3 33. Bf8 Ne3+
34. Rxe3 Rxe3 35. Bxg7 Re2+ 36. Kg3 Rxb2 37. h5 gxh5 38. gxh5 Rb3 39. h6 Rxc3+
40. Kg2 Rc2+ 41. Kg3 Rc1 42. Kg2 Rc2+ 1/2-1/2

[Event "Gibraltar ChallWk2 11th"]
[Site "Gibraltar"]
[Date "2013.01.27"]
[Round "2.25"]
[White "Smith, Andrew Philip"]
[Black "Davey, Mark"]
[Result "0-1"]
[WhiteElo "2175"]
[BlackElo "1990"]
[PlyCount "98"]
[EventDate "2013.01.26"]
[EventType "swiss"]
[EventRounds "5"]
[EventCountry "GGB"]
[SourceTitle "BritBase"]
[Source "www.saund.co.uk"]
[SourceDate "2018.02.10"]
[SourceVersion "1"]
[SourceVersionDate "2018.02.10"]
[SourceQuality "1"]

1. e4 Nf6 2. e5 Nd5 3. c4 Nb6 4. c5 Nd5 5. Bc4 e6 6. Qg4 f5 7. Qg3 b6 8. Nf3
Ba6 9. Na3 Bxc4 10. Nxc4 bxc5 11. O-O Nc6 12. d3 Qe7 13. Bd2 Qf7 14. Rac1 Be7
15. Na5 Nxa5 16. Bxa5 Rb8 17. b3 O-O 18. Nd2 Qh5 19. f4 Rb5 20. Nc4 Kh8 21. Bd2
h6 22. Qf3 Qxf3 23. Rxf3 Nb4 24. Be1 Ra8 25. a4 Rbb8 26. Nd2 Nc6 27. Bf2 d6 28.
d4 Nxd4 29. Bxd4 cxd4 30. Rxc7 Bd8 31. Rc6 dxe5 32. fxe5 Bg5 33. Nc4 Re8 34.
Rd3 Rad8 35. Kf1 Rd5 36. g3 Kg8 37. Ke2 Bd8 38. Nd6 Re7 39. Nc4 Bc7 40. Kf3
Bxe5 41. Nxe5 Rxe5 42. Rxd4 Re1 43. b4 e5 44. Rd8+ Kf7 45. b5 e4+ 46. Kf2 Ra1
47. Ra6 e3+ 48. Ke2 Ra2+ 49. Ke1 e2 0-1

[Event "Gibraltar ChallWk2 11th"]
[Site "Gibraltar"]
[Date "2013.01.27"]
[Round "2.26"]
[White "Pena Riasco, Alexander"]
[Black "Rios Gonzalez, Jose Antonio"]
[Result "1-0"]
[WhiteElo "2156"]
[BlackElo "1990"]
[PlyCount "43"]
[EventDate "2013.01.26"]
[EventType "swiss"]
[EventRounds "5"]
[EventCountry "GGB"]
[SourceTitle "BritBase"]
[Source "www.saund.co.uk"]
[SourceDate "2018.02.10"]
[SourceVersion "1"]
[SourceVersionDate "2018.02.10"]
[SourceQuality "1"]

1. e4 c5 2. Nf3 d6 3. d4 cxd4 4. Nxd4 Nf6 5. Nc3 g6 6. Be3 Bg7 7. f3 a6 8. Qd2
Nc6 9. O-O-O O-O 10. g4 Nxd4 11. Bxd4 Be6 12. Kb1 Nd7 13. Bxg7 Kxg7 14. Be2 f6
15. f4 Rc8 16. h4 Qa5 17. a3 Rc7 18. h5 Rfc8 19. hxg6 Nf8 20. f5 hxg6 21. fxe6
Nxe6 22. Nd5 1-0

[Event "Gibraltar ChallWk2 11th"]
[Site "Gibraltar"]
[Date "2013.01.27"]
[Round "2.27"]
[White "Dasaolu, Rotimi"]
[Black "Suez-Panama, Gilles"]
[Result "1-0"]
[WhiteElo "2115"]
[BlackElo "1989"]
[PlyCount "116"]
[EventDate "2013.01.26"]
[EventType "swiss"]
[EventRounds "5"]
[EventCountry "GGB"]
[SourceTitle "BritBase"]
[Source "www.saund.co.uk"]
[SourceDate "2018.02.10"]
[SourceVersion "1"]
[SourceVersionDate "2018.02.10"]
[SourceQuality "1"]

1. c4 c6 2. Nf3 d5 3. Qc2 e6 4. d4 Nf6 5. Bg5 Nbd7 6. Nbd2 Qa5 7. e3 Ne4 8. Bh4
Bb4 9. Bd3 f5 10. a3 Bxd2+ 11. Nxd2 Qxd2+ 12. Qxd2 Nxd2 13. Kxd2 dxc4 14. Bxc4
Nb6 15. Bd3 h6 16. Bg3 O-O 17. Be5 Bd7 18. Rac1 Rac8 19. f3 Be8 20. Bd6 Rf7 21.
b3 Rd8 22. Bc5 Nc8 23. a4 b6 24. Ba3 a5 25. Bc4 Rf6 26. Ke2 Nd6 27. Bd3 Nc8 28.
Bb2 Rf7 29. Bc4 Re7 30. Rhd1 Bf7 31. Kf2 Red7 32. f4 Na7 33. Ke1 g5 34. g3 Kh7
35. Bc3 Kg6 36. b4 axb4 37. Bxb4 Kf6 38. Be2 g4 39. Ra1 Rb8 40. Rdb1 Nc8 41. a5
b5 42. Rc1 Na7 43. Bf1 Be8 44. Bg2 Rc8 45. Rc2 h5 46. Rac1 Rh7 47. Bc5 Rf7 48.
Kd2 Rh7 49. Kc3 h4 50. Kb4 h3 51. Bh1 Ra8 52. Bb6 Rb7 53. Rc3 Ke7 54. e4 Nc8
55. Bc5+ Kf7 56. Ra3 Ra6 57. exf5 exf5 58. Rd1 Ne7 1-0